Revista Argentina de finanzas (Registro nro. 8791)

Detalles MARC
000 -LEADER
fixed length control field 00998nas a2200265 454500
001 - CONTROL NUMBER
control field 36692
005 - DATE AND TIME OF LATEST TRANSACTION
control field 20260407193509.0
008 - FIXED-LENGTH DATA ELEMENTS--GENERAL INFORMATION
fixed length control field 260407s1976####ag###########|||spa#d
003 - CONTROL NUMBER IDENTIFIER
control field AR-UNSa-BCEJYS
040 ## - CATALOGING SOURCE
Original cataloging agency AR-UNSa-BCEJYS
Language of cataloging spa
Transcribing agency AR-UNSa-BCEJYS
080 ## - UNIVERSAL DECIMAL CLASSIFICATION NUMBER
Universal Decimal Classification number 336
Common auxiliary subdivision Finanzas. Finanzas públicas. Banca. Moneda. Bolsa<br/>
022 ## - INTERNATIONAL STANDARD SERIAL NUMBER
International Standard Serial Number 0325-4844
041 ## - LANGUAGE CODE
Language code of text/sound track or separate title spa
100 1# - MAIN ENTRY--PERSONAL NAME
Personal name Fundación Argentina para el Intercambio Cultural en lo Económico Social. Instituto Argentino de Relaciones Internacionales (IARI)
245 10 - TITLE STATEMENT
Title Revista Argentina de finanzas
264 #1 - PRODUCTION, PUBLICATION, DISTRIBUTION, MANUFACTURE, AND COPYRIGHT NOTICE
Place of production, publication, distribution, manufacture Buenos Aires :
Name of producer, publisher, distributor, manufacturer FAICES
Date of production, publication, distribution, manufacture, or copyright notice 1976
310 ## - CURRENT PUBLICATION FREQUENCY
Current publication frequency Frecuencia: Semestral<br/>Cambia de Director a partir de Junio de 1979, Nº 4 por César H. Belaunde
590 ## - LOCAL NOTE (RLIN)
Local note niveau_biblio:s niveau_hierar:1
650 ## - SUBJECT ADDED ENTRY--TOPICAL TERM
Topical term or geographic name entry element Finanzas
650 ## - SUBJECT ADDED ENTRY--TOPICAL TERM
Topical term or geographic name entry element FINANCIAMIENTO
650 ## - SUBJECT ADDED ENTRY--TOPICAL TERM
Topical term or geographic name entry element GESTION FINANCIERA
700 1# - ADDED ENTRY--PERSONAL NAME
Personal name Brodersohn, Mario S.
856 41 - ELECTRONIC LOCATION AND ACCESS
Uniform Resource Identifier <a href="https://170.210.207.44/pmb/images/revistas/R19020.jpg">https://170.210.207.44/pmb/images/revistas/R19020.jpg</a>
Link text Imagen de portada
Electronic format type image/jpeg
942 ## - ADDED ENTRY ELEMENTS (KOHA)
Koha item type
Existencias
Withdrawn status Lost status Damaged status Not for loan Home library Current library Shelving location Date acquired Serial enumeration / chronology Total checkouts Full call number Barcode Date last seen Price effective from Koha item type
        Biblioteca Prof. Eusebio Cleto del Rey Biblioteca Prof. Eusebio Cleto del Rey   01/06/1979 Año 3, Nº 4 - jun. 1979   H336 RAF 4 R19021 10/04/2026 10/04/2026 Numero
        Biblioteca Prof. Eusebio Cleto del Rey Biblioteca Prof. Eusebio Cleto del Rey   01/12/1977 Año 2, Nº 3 - dic. 1977   H336 RAF 3 R19020 10/04/2026 10/04/2026 Numero
        Biblioteca Prof. Eusebio Cleto del Rey Biblioteca Prof. Eusebio Cleto del Rey   01/06/1977 Año 1, Nº 2 - jun. 1977   H336 RAF 2 R19019 10/04/2026 10/04/2026 Numero
        Biblioteca Prof. Eusebio Cleto del Rey Biblioteca Prof. Eusebio Cleto del Rey   01/12/1976 Año I, Nº 1 - dic. 1976   H336 RAF 1 R18980 10/04/2026 10/04/2026 Numero